Loading...
Partisans of Allah : Jihad in South Asia /
| Main Author: | |
|---|---|
| Format: | Printed Book |
| Published: |
New Delhi :
Permanent black,
2008.
|
| LEADER | 00454nam a2200121 4500 | ||
|---|---|---|---|
| 020 | |a 9788178242743 | ||
| 082 | |a 297.720954 |b AYE.P | ||
| 100 | |a Ayesha Jalal | ||
| 245 | |a Partisans of Allah : |b Jihad in South Asia / |c by Ayesha Jalal | ||
| 260 | |a New Delhi : |b Permanent black, |c 2008. | ||
| 942 | |c BK | ||
| 999 | |c 305181 |d 305181 | ||
| 952 | |0 0 |1 0 |4 0 |6 297_720954000000000_AYE_P |7 0 |8 NFIC |9 326055 |a POL |b POL |c GEN |d 2020-10-20 |l 0 |o 297.720954 AYE.P |p POL19522 |r 2020-10-20 |w 2020-10-20 |y BK | ||